000
00336 a2200157 4500
001
67889
020
_a
8535902689
040
_c
Anchieta - Pituba
100
_a
Hammett, Dashiell
240
1
0
_a
Seara vermelha
_l
por
245
1
0
_a
Seara vermelha
300
_a
260
362
0
_a
2002
650
4
_a
Ficção norte-americana
942
_c
BK
999
_c
67889
_d
67889